000
00273nam a22001217a 4500
020
_a
0-672-27010-2
082
_a
004.16 CAN'U
100
_a
CANNON, DON L
_9
65557
245
_a
UNDERSTANDING MICROPROCESSORS
260
_a
USA
_b
HOWARD
_c
1984
300
_a
284P
942
_c
BK
999
_c
573727
_d
573727